Tilastot visalle Yhdysvaltain presidentin va

Klikkaa tästä pelataksesi tätä visaa!

Yleistilastot

  • Tätä visaa on pelattu 20 kertaa
  • Keskiarvotulos 22 / 39

Vastaustilastot

teksti% Oikein
do
94%
I
94%
I
94%
of
76%
of
76%
of
76%
of
76%
States
76%
States
76%
United
76%
United
76%
so
71%
the
71%
the
71%
the
71%
the
71%
the
71%
swear
65%
president
59%
will
59%
will
59%
god
53%
to
53%
and
47%
and
47%
help
47%
me
47%
solemnly
47%
constitution
35%
my
35%
protect
35%
that
35%
best
29%
defend
29%
office
29%
ability
24%
execute
24%
faithfully
24%
preserve
24%

Tulosjakauma

Persentiili vastausten määrän mukaan

Jokaisen tuloksen saaneiden osuus

Tuloshistoriasi

Et ole pelannut tätä visaa